000 00560nam a2200217Ia 4500
003 OSt
005 20230331112705.0
008 210423s2015 xx 000 0 und d
020 _a978-81-8094-077-4
040 _cAL
041 _aeng
082 _a574.8028503
_223
_bMAND
100 _aMANIKANDAKUMAR (K)
_980752
245 _aDictionary of bioinformatics
260 _aChennai
_bMJP Publishers
_c2015
300 _aviii,210
_bPB
365 _b395
_cINR
650 _aBioinformatics
_980753
906 _abioinformatics ; Dictionary
942 _2ddc
_cBK
999 _c168881
_d168881